02166nam a2200517Ia 45000010005000000080041000050100009000460410014000550820014000692450131000832600022002143000007002365200007002436300022002506500024002726900024002967000028003207000037003487000037003859010083004229020006005059030036005119040018005479050025005659060006005909070017005969080036006139090068006499100015007179110010007329120014007429130009007569140028007659150019007939160009008129170009008219180014008309190012008445200733008569210007015899220007015969230006016039240014016099420010016239990015016334871241029s9999 xx 000 0 und d a4604 aEspañol aNO APLICA 0aImpacto de la comunicación interna en el proceso de gestión Escuela Haras Nacionales, Distrito Educativo 10-02, año 2015 aDistrito Nacional a84 a51 aGestión Escolar aGestión Educativa aCopiado sin cambios easesoraOssers, Alfredo eautoraGalán Flores, Francisca eautorade la Cruz Valerio, Wendy a{"1":"Galán Flores","2":"de la Cruz Valerio"}b{"1":"Francisca","2":"Wendy"} a1 a{"1":"Ossers"}b{"1":"Alfredo"} aMagíster en aEducación Superior a1 aMención en aGestión de Centros Educativos aUniversidad Nacional Evangélica (UNEV), Recinto Santo Domingo aNULLbNULL a["1"] aNO APLICA aNULL a01 de Diciembre de 2015 a28/11/16 12:11 aNULL aNULL aNO APLICA a["201"] aLa comunicación ha jugado un papel fundamental en la vida de los seres humanos, por lo que siempre ha estado presente en el progreso de la civilización. Esto ha traspasado las barreras de la concepción de la comunicación, al punto que la mayoría de las instituciones se ven en la necesidad de crear un departamento par la organización de sus procesos.Este trabajo de investigación, busca resaltar la importancia que tiene la comunicación en las organizaciones escolares y demostrar que es un instrumento indispensable para cumplir los objetivos de cualquier organización. En esta investigación se muestra la comunicación como un instrumento estratégico para mejorar el proceso de enseñanza aprendizaje. a50 a50 a0 aNO APLICA cTesis c4604d4604